LEADER 00847cam0 2200265 450 001 E600200051183 005 20200508104528.0 100 $a20090707d1981 |||||ita|0103 ba 101 $aita 102 $aIT 200 1 $aHeidegger$eInterprete di Kant$fPio Colonnello 210 $aGenova$cStudio editoriale di cultura$d1981 215 $a136 p.$d24 cm 225 2 $aFilosofia oggi$v18 410 1$1001LAEC00026995$12001 $a*Filosofia oggi$v18 700 1$aColonnello$b, Pio$3AF00022989$4070$066104 801 0$aIT$bUNISOB$c20200508$gRICA 850 $aUNISOB 852 $aUNISOB$j100$m98046 912 $aE600200051183 940 $aM 102 Monografia moderna SBN 941 $aM 957 $a100$b009860$gSi$d98046$rdono$1pregresso2$2UNISOB$3UNISOB$420090707091833.0$520200508104505.0$6Spinosa 996 $aHeidegger$91708204 997 $aUNISOB LEADER 01562nam 2200373Ia 450 001 996393851203316 005 20200824121846.0 035 $a(CKB)4940000000114760 035 $a(EEBO)2240919935 035 $a(UnM)99896163e 035 $a(UnM)99896163 035 $a(EXLCZ)994940000000114760 100 $a19980729d1645 uy | 101 0 $aeng 135 $aurbn||||a|bb| 200 14$aThe right receiving of Christ·$b[electronic resource] $eOr, An appendix to the worthy communicant, or A treatise shewing the due order of receiving the sacrament. By Jer. Dyke, late minister of Epping in Essex. Which was intended by the said author in his life time to be annexed to this treatise of the sacrament; as appeares in the epistle. Wherein a Christian may know, whether he hath rightly received Christ in the sacrament or no 210 $aLondon $cprinted by M. Simmons for John Rothwell at the signe of the Sunne in Pauls Church-yard$d1645 215 $a[22], 120 p 300 $aReproduction of original in the Henry E. Huntington Library. 330 $aeebo-0113 606 $aChristian life$vEarly works to 1800 606 $aSermons, English$y17th century 606 $aLord's Supper$vEarly works to 1800 615 0$aChristian life 615 0$aSermons, English 615 0$aLord's Supper 700 $aDyke$b Jeremiah$f1584-1639.$01001094 801 0$bCu-RivES 801 1$bCu-RivES 801 2$bWaOLN 906 $aBOOK 912 $a996393851203316 996 $aThe right receiving of Christ·$92379694 997 $aUNISA